000
00242nam a22000857a 4500
008
160706b xxu||||| |||| 00| 0 eng d
100
_9
2340
_a
Mahajan, V.D
245
_a
History of Modern Europe Since 1789
260
_a
New Delhi
_b
S.Chand & Com
_c
1989
999
_c
2017
_d
2017